|
|
|
|
| LEADER |
00000ntm a22000007a 4500 |
| 001 |
63000 |
| 003 |
CZ-ZlUTB |
| 005 |
20240830155239.0 |
| 007 |
ta |
| 008 |
120213s2011 xr ad f m 000 0 cze d |
| 040 |
|
|
|a ZLD002
|b cze
|
| 041 |
0 |
|
|a cze
|b eng
|
| 072 |
|
7 |
|a 658
|x Řízení a správa podniku
|2 Konspekt
|9 4
|
| 080 |
|
|
|a 005.51
|2 MRF
|
| 080 |
|
|
|a 658.5
|2 MRF
|
| 080 |
|
|
|a 005.5
|2 MRF
|
| 080 |
|
|
|a 66
|2 MRF
|
| 080 |
|
|
|a (043.5)
|2 MRF
|
| 100 |
1 |
|
|a Branská, Lenka,
|d 1969-
|7 xx0072165
|4 dis
|
| 245 |
1 |
0 |
|a Uplatnění metody Quick Response v dodavatelsko-odběratelských řetězcích s chemicko-technologickými výrobními procesy
|h [rukopis] :
|b Quick Response method application in supply chains involving chemical continuous productions : habilitační práce /
|c Lenka Branská
|
| 246 |
3 |
1 |
|a Quick Response method application in supply chains involving chemical continuous productions
|
| 260 |
|
|
|c 2011
|
| 300 |
|
|
|a 189 l. :
|b il. ;
|c 30 cm
|
| 500 |
|
|
|a Studijní obor: Management a ekonomika podniku
|
| 502 |
|
|
|a Disertace (PhD.)--Univerzita Tomáše Bati ve Zlíně, Fakulta managementu a ekonomiky, 2011
|
| 504 |
|
|
|a Obsahuje bibliografii
|
| 546 |
|
|
|a Anglické resumé
|
| 650 |
0 |
7 |
|a logistika (management)
|7 ph122437
|2 czenas
|
| 650 |
0 |
7 |
|a výrobní management
|7 ph116702
|2 czenas
|
| 650 |
0 |
7 |
|a procesní management
|7 ph166531
|2 czenas
|
| 650 |
0 |
7 |
|a chemický průmysl
|7 ph119158
|2 czenas
|
| 650 |
0 |
9 |
|a business logistics
|2 eczenas
|
| 650 |
0 |
9 |
|a production management
|2 eczenas
|
| 650 |
0 |
9 |
|a process management
|2 eczenas
|
| 650 |
0 |
9 |
|a chemical industry
|2 eczenas
|
| 653 |
0 |
|
|a metoda Quick Response
|
| 655 |
|
7 |
|a habilitační práce
|7 fd185153
|2 czenas
|
| 655 |
|
9 |
|a habilitation theses
|2 eczenas
|
| 710 |
2 |
|
|a Univerzita Tomáše Bati ve Zlíně.
|b Fakulta managementu a ekonomiky
|7 kn20010709196
|4 dgg
|
| 910 |
|
|
|a ZLD002
|
| 952 |
|
|
|0 0
|1 0
|4 0
|6 KBRANSKÁL
|7 0
|8 MANUS
|9 114620
|a UTBZL
|b UTBZL
|c 001
|d 2012-02-13
|l 0
|o K/BRANSKÁ,L.
|p 420010143098
|r 2019-08-26 00:00:00
|v 100.00
|w 2019-08-26
|x N:povinný výtisk; | 20100831
|y 12
|
| 992 |
|
|
|a BK
|c vs
|
| 999 |
|
|
|c 63000
|d 63000
|
| 993 |
|
|
|x NEPOSILAT
|y VSKP
|